LEGO Minifigures Based on Real People - Statistics

General Stats
  • This quiz has been taken 116 times
    48 since last reset
  • The average score is 10 of 50
Answer Stats
Picture Hint Answer % Correct
1809-1865 Abraham Lincoln
95%
~1680-1718 Blackbeard
90%
1897-1937/39 Amelia Earhart
85%
~1564-1616 William Shakespeare
70%
1944- George Lucas
53%
1853-1890 Vincent van Gogh
50%
1564-1642 Galileo Galilei
43%
1643-1727 Isaac Newton
38%
1940- Ringo Starr
38%
1940-1980 John Lennon
35%
1942- Paul McCartney
33%
1901-1966 Walt Disney
30%
1943-2001 George Harrison
28%
1973 - Kevin Feige
28%
1867-1934 Maria Skłodowska-Curie
28%
1961- Peter Jackson
28%
1960-1994 Ayrton Senna
25%
1934- Jane Goodall
25%
1969- Michael Schumacher
18%
1973- Pharrell Williams
18%
1975- Will.i.am
18%
1951-2012 Sally Ride
15%
1775-1817 Jane Austen
13%
1994 RM
13%
1864-1943 George Washington Carver
10%
1805-1875 Hans Christian Andersen
10%
1980- Helen Williams | Lasichanh
10%
1995- V
10%
1832-1923 Gustave Eiffel
8%
1997- Jungkook
8%
1993- SUGA
8%
1874-1922 Ernest Shackleton
5%
1995- Jimin
5%
1992- Jin
5%
1828-1905 Jules Verne
5%
1979- Kimi Raikkonen
5%
1972- Rubens Barrichello
5%
1983- Tan France
5%
1984- Antoni Porowski
3%
1981- Bobby Berk
3%
1981- Felipe Massa
3%
1885-1962 Frank Hurley
3%
1994- J-Hope
3%
1987- Jonathan Van Ness
3%
1955- Junichiro Kawaguchi
3%
1980- Karamo Brown
3%
Kathi Dooley
3%
1956- Mae Jemison
3%
1936- Margaret Hamilton
3%
1925-2018 Nancy Grace Roman
3%
No matching quizzes found
Score Distribution
Percent of People with Each Score
Percentile by Number Answered
Your Score History
You have not taken this quiz since the last reset